| 000 | 01538nam a22004577a 4500 | ||
|---|---|---|---|
| 003 | CHAP | ||
| 005 | 20220329140952.0 | ||
| 008 | 971013s1993 r 10010 d | ||
| 010 | _a60636 | ||
| 011 | _a61608 | ||
| 035 | _a65776 | ||
| 040 | _cCHAP | ||
| 082 |
_a634.063 _bC64 1993 |
||
| 111 | 0 | 0 |
_aCurso de Actualización Frutícola ( _n6 _d: 1993 _c: Coatepec Harinas, Méx.) _930583 |
| 245 |
_aTópicos selectos para el desarollo de la fruticultura _b: memoria |
||
| 260 |
_aCoatepec Harinas, Méx. : _bFundación Salvador Sánchez Colín, _c1993 |
||
| 300 | _a241 p. | ||
| 590 |
_aBATCH-UPD _b10 _c20130110 _lUCH01 _h0657 |
||
| 590 |
_aBATCH-UPD _b10 _c20130410 _lUCH01 _h0342 |
||
| 590 |
_aBATCH-UPD _b10 _c20130913 _lUCH01 _h2303 |
||
| 590 |
_aCONVERSION _b10 _c20130109 _lUCH01 _h1333 |
||
| 650 | 1 | 4 |
_aAguacate. _92490 |
| 650 | 1 | 4 |
_aCiruela. _923398 |
| 650 | 1 | 4 |
_aCítricos. _924392 |
| 650 | 1 | 4 |
_aDurazno. _934570 |
| 650 | 1 | 4 |
_aFrambuesa. _942867 |
| 650 | 1 | 4 |
_aFruta _xEvaluación. _943614 |
| 650 | 1 | 4 |
_aFruticultura _xCongresos. _943712 |
| 650 | 1 | 4 |
_aGranada china. _950324 |
| 650 | 1 | 4 |
_aGuayaba. _951037 |
| 650 | 1 | 4 |
_aHigo. _955341 |
| 650 | 1 | 4 |
_aMacadamia. _969327 |
| 650 | 1 | 4 |
_aMango. _970395 |
| 650 | 1 | 4 |
_aManzana. _970730 |
| 650 | 1 | 4 |
_aTecnología postcosecha. _9111963 |
| 650 | 1 | 4 |
_aZarzamora. _9123730 |
| 901 | _aBK | ||
| 942 | _cLIBRO | ||
| 949 |
_a634.063 C64 1993 _bBC _cCONG _d33724000613816 _eCONG _fc.2 _h90477 _i65776 _si _t45.00 |
||
| 949 |
_a634.063 C64 1993 _bBC _cLIBRO _d33724000655395 _eLIBRO _h90476 _i65776 _si _t45.00 |
||
| 999 |
_c60636 _d60636 |
||